| 000 -ლიდერი |
| ფიქსირებული სიგრძის საკონტროლო ველი |
01365nam a22002417a 4500 |
| 003 - საკონტროლო ნომრის იდენტიფიკატორი |
| საკონტროლო ველი |
Ge_BSU |
| 005 - ბოლო ოპერაციის თარიღი და დრო |
| საკონტროლო ველი |
20240712105202.0 |
| 008 - ფიქსირებული სიგრძის მონაცემთა ელემენტები - ზოგადი ინფორმაცია |
| ფიქსირებული სიგრძის საკონტროლო ველი |
240712s2021 ge ||||| |||| 00| 0 geo d |
| 020 ## - წიგნის საერთაშორისო სტანდარტული ნომერი |
| International Standard Book Number |
9789941834592 |
| 041 ## - ენის კოდი |
| Language code of text/sound track or separate title |
geo |
| 080 ## - უნივერსალური ათობითი კლასიფიკაციის ინდექსი |
| Universal Decimal Classification number |
616.314(075.8)მ-23 |
| 100 ## - მთავარი ჩანაწერი - პიროვნების სახელი |
| Personal name |
მამალაძე, მარინა. |
| Relator term |
ავტორი. |
| 9 (RLIN) |
3459 |
| 245 ## - ცნობა სათაურის შესახებ |
| Title |
ოპერაციული ოდონტოლოგია : |
| Remainder of title |
სახელმძღვანელო სტომატოლოგიის ფაკ-ტის სტუდენტებისა და რეზიდენტებისთვის. ნაწილი 1 / |
| Statement of responsibility, etc |
მარინა მამალაძე, ნინო კორსანტია, ლია სანოძე. |
| 250 ## - გამოცემის ცნობა |
| Edition statement |
(მე-2, შევსებული გა გადამუშავებული გამოცემა). |
| 264 ## - წარმოების, გამოცემის, დისტრიბუციის და სხვა ცნობები |
| გამოცემის, წარმოების, დისტრიბუციის... ადგილი |
თბილისი : |
| გამოცემის, წარმოების, დისტრიბუციის... სახელწოდება |
თსსუ, |
| გამოცემის, წარმოების, დისტრიბუციის... თარიღი |
2021. |
| 300 ## - ფიზიკური აღწერა |
| Extent |
306 გვ. : |
| Other physical details |
სურ., ცხრ. ; |
| Dimensions |
23 სმ. |
| 653 ## - INDEX TERM--UNCONTROLLED |
| Uncontrolled term |
ოდონტოლოგია. |
| 653 ## - INDEX TERM--UNCONTROLLED |
| Uncontrolled term |
სტომატოლოგია |
| 653 ## - INDEX TERM--UNCONTROLLED |
| Uncontrolled term |
მედიცინა |
| 700 ## - ADDED ENTRY--PERSONAL NAME |
| Personal name |
კორსანტია, ნინო |
| Relator term |
ავტორი |
| 9 (RLIN) |
3460 |
| 700 ## - ADDED ENTRY--PERSONAL NAME |
| Personal name |
სანოძე, ლია |
| Relator term |
ავტორი |
| 9 (RLIN) |
10188 |
| 942 ## - ADDED ENTRY ELEMENTS (KOHA) |
| Source of classification or shelving scheme |
|
| Koha item type |
წიგნი |